000 01353nam0a2200361 4500
001 RU\NLR\BIBL_A\012099606
005 20191014094724.0
010 _a978-5-227-08728-7
_9100000
021 _aRU
_bКН-П-19-062590
_9КН-П-19-4475
035 _a(NLR Aleph) 012099606
035 _a(RuMoRGB)010074792
090 _a11898890
_c11898890
100 _a20190924d2019 e y0rusy50 ca
101 1 _arus
_ceng
102 _aRU
105 _ay|||z|||000ay
200 1 _aПод покровом светлых чувств
_eроман
_fМарион Леннокс
_g[пер. с англ. О.И. Семык]
_gАрлекин
210 _aМосква
_cЦентрполиграф
_d2019
215 _a158, [1] с.
_d17
225 1 _aЛюбовный роман
_v0926
225 1 _aПодари себе мечту
300 _aЗагл. и авт. также на англ. яз.: English lord on her doorstep / Marion Lennox
333 _a16+
517 1 _6z11790
_aEnglish lord on her doorstep
_zeng
686 1 _aШ6(4Вл)67-440.4{Лх1299-50}
700 1 _aЛеннокс
_bМ.
_f1953-
_gМарион
_3RU\NLR\AUTH\770144845
790 1 _6z11517
_aLennoks
_bM.
_f1953-
_gMarion
942 _cBOOK
980 _aNBR
980 _aNB